00675nam a2200193 4500001000700000003000900007005001700016007000300033008004100036100003400077245006900111250001500180260005500195300003300250700002500283852003200308999001900340952012200359144845ES-MaACL20230906201118.0t|070214s1967 sp r ||||1| spa d1 aSmart, Charles Allen.910681110aJuarez / cCharles Allen Smart ; [versión... por Angel Arnau]. a[1ª ed.]. aBarcelona [etc.] : bGrijalbo, c1967 (fDiamante) a522 p., 16 lám. ; c21 cm.1 aArnau, Angel.923047 aES-MaACLjC-31781 bR.62371 c144845d144845 00104070aATENEOMbATENEOMcDEPO2d2008-01-17eSCl0oC-31781p1151108r2023-02-23 00:00:00w2023-02-23yMONOGRAFIA